Computing in Communication Networks : From Theory to Practice /

Enregistré dans:
Détails bibliographiques
Autres auteurs: Fitzek, Frank H. P. (Éditeur intellectuel), Granelli, Fabrizio (Éditeur intellectuel), Seeling, Patrick (Éditeur intellectuel)
Format: Livre
Langue:anglais
Publié: London : Elsevier, 2021
Tags: Ajouter un tag
Pas de tags, Soyez le premier à ajouter un tag!

MARC

LEADER 00000nam a22000003a 4500
001 0093724
003 SK-STU
005 20220131110448.4
007 ta
008 220131s ----xo-----e------000-0-----d
020 |a 978-0-12-820488-7 
040 |a STU  |b slo 
041 0 |a eng 
044 |a xxk 
100 1 |a Fitzek, Frank H. P.  |4 edt  |r Z6 
245 1 0 |a Computing in Communication Networks :  |b From Theory to Practice /  |c ed. Frank H. P Fitzek ; ed. Fabrizio Granelli, Patrick Seeling 
260 |a London :  |b Elsevier,  |c 2021 
300 |a 486 s. 
700 1 |a Granelli, Fabrizio  |r Z6  |4 edt 
700 1 |a Seeling, Patrick  |r Z6  |4 edt 
996 |b 284EK90293  |c E* 90293  |l EE39  |s P  |a 0  |w 0093724_0001